Clayhope Properties Ltd v Evans and Another (Record no. 1362)
[ view plain ]
| 000 -LEADER | |
|---|---|
| fixed length control field | 01423cab a2200181 4500 |
| 001 - CONTROL NUMBER | |
| control field | ABS37091 |
| 008 - FIXED-LENGTH DATA ELEMENTS--GENERAL INFORMATION | |
| fixed length control field | 090401t1986 xxu||||| |||| 00| 0 eng d |
| 035 ## - SYSTEM CONTROL NUMBER | |
| System control number | (Sirsi) u2253 |
| 041 ## - LANGUAGE CODE | |
| Language code of text/sound track or separate title | eng |
| 245 ## - TITLE STATEMENT | |
| Title | Clayhope Properties Ltd v Evans and Another |
| 260 ## - PUBLICATION, DISTRIBUTION, ETC. | |
| Date of publication, distribution, etc. | 1986 |
| 350 ## - PRICE (NR) (BK AM CF MU VM SE) [OBSOLETE] | |
| Price | 0 |
| 490 ## - SERIES STATEMENT | |
| Series statement | Weekly Law Reports |
| Volume/sequential designation | (1986) 1 WLR 1223(9) |
| 520 ## - SUMMARY, ETC. | |
| Summary, etc. | CA 7 May 1986. Appeal by C against decision dismissing an application to remove from the register a caution lodged by E on behalf of himself and other tenants of a block of flats owned by C. The caution was an order appointing a receiver to manage the flats and to have the property put into repair. C sought removal of the caution. C argued, 1) that the intention of a caution was to protect interests which bound a purchaser. The receiver had no interest in the land itself, nor had E. The receivership order, therefore, created no interest which could bind a purchaser and could not sensibly be registered;2) that E had no standing to lodge a caution since he was not a person "interested... in land" within the meaning of the Land Registration Act 1925 s 54 under the receivership order to which the caution related. CA held, E, as a tenant, was "interested" in the property and the receivership order, gave him the necessary status as a " person interested" under s54 and was therefore entitle |
| 690 ## - LOCAL SUBJECT ADDED ENTRY--TOPICAL TERM (OCLC, RLIN) | |
| Topical term or geographic name as entry element | LAND-CASE LAW |
| 942 ## - ADDED ENTRY ELEMENTS (KOHA) | |
| Suppress in OPAC | 0 |
| 948 ## - LOCAL PROCESSING INFORMATION (OCLC); SERIES PART DESIGNATOR (RLIN) | |
| c (OCLC) | 04/03/1997 |
| Withdrawn status | Lost status | Source of classification or shelving scheme | Damaged status | Not for loan | Home library | Current library | Shelving location | Date acquired | Total Checkouts | Full call number | Barcode | Date last seen | Copy number | Price effective from | Koha item type |
|---|---|---|---|---|---|---|---|---|---|---|---|---|---|---|---|
| Dewey Decimal Classification | London | London | Journal article | 14/09/1999 | ABS37091 | 2253-1001 | 06/08/2019 | 1 | 06/08/2019 | Law report |